Guía para la elaboración de documentos de la colección Humboldt. (Registro nro. 5495)
[ vista simple ]
| 000 -CABECERA | |
|---|---|
| Campo de control | 01097nam a2200265 a 4500 |
| 005 - FECHA Y HORA DE LA ULTIMA TRANSACCION | |
| Campo de control | 20160825020003.0 |
| 008 - ELEMENTOS DE LONGITUD FIJA—INFORMACION GENERAL | |
| Campo de control | 140127b2006 ck ||||| |||| 00| 0 spa d |
| 020 ## - ISBN | |
| ISBN | 9588151686 |
| 040 ## - FUENTE DE CATALOGACIÓN | |
| Agencia transcriptora | CO-Bo-IH |
| 041 ## - IDIOMA | |
| Código de idioma para texto/pista de sonido o título separado | Español |
| 044 ## - PAÍS DE PUBLICACIÓN | |
| País de publicación | Colombia |
| 082 04 - NUMERO DE CLASIFICACION DECIMAL DEWEY | |
| Número de clasificación | 025 |
| Número del ítem | I17g |
| 110 2# - ASIENTO PRINCIPAL--NOMBRE CORPORATIVO | |
| Nombre corporativo o de jurisdicción como elemento de entrada | Colombia . |
| Unidad subordinad | Instituto de Investigación de Recursos Biológicos Alexander von Humboldt |
| 245 10 - MENCION DE TITULO | |
| Título | Guía para la elaboración de documentos de la colección Humboldt. |
| 260 ## - PUBLICACION, DISTRIBUCION, ETC. (PIE DE IMPRENTA) | |
| Lugar de publicación, distribución, etc. | Bogotá : |
| Nombre del editor, distribuidor, etc. | Instituto de Investigación de Recursos Biológicos Alexander von Humboldt, |
| -- | Ministerio de Ambiente, Vivienda y Desarrollo Territorial, |
| Fecha de publicación, distribución, etc. | 2006. |
| 300 ## - DESCRIPCION FISICA | |
| Extensión | 100 pag. |
| Otros detalles físicos | fot., tablas. |
| Dimensiones | 28 cm. |
| 504 ## - NOTA DE BIBLIOGRAFIA, ETC. | |
| Nota de bibliografía | Incluyes referencias bibliográficas (pag 99-100) |
| 650 04 - ASIENTO SECUNDARIO DE MATERIA - TERMINO TEMATICO | |
| Término temático o nombre geográfico como elemento de entrada | Organización de Información |
| 650 06 - ASIENTO SECUNDARIO DE MATERIA - TERMINO TEMATICO | |
| Término temático o nombre geográfico como elemento de entrada | Documentación |
| Subdivisión general | Normas Técnicas |
| 650 06 - ASIENTO SECUNDARIO DE MATERIA - TERMINO TEMATICO | |
| Término temático o nombre geográfico como elemento de entrada | Trabajos Escritos |
| Subdivisión general | Elaboración |
| -- | Normas técnicas |
| 650 04 - ASIENTO SECUNDARIO DE MATERIA - TERMINO TEMATICO | |
| Término temático o nombre geográfico como elemento de entrada | Colección Humboldt |
| 700 1# - ASIENTO SECUNDARIO - NOMBRE PERSONAL | |
| Nombre personal | Villa, Claudia María |
| Término de relación | coord. |
| 700 1# - ASIENTO SECUNDARIO - NOMBRE PERSONAL | |
| Nombre personal | Nieto-Montaño, Francisco |
| Término de relación | fot. |
| 942 ## - ELEMENTOS ADICIONALES (KOHA) | |
| Tipo de ítem | Libro |
| Sistema de clasificación | Dewey Decimal Classification |
| Koha issues (borrowed), all copies | 4 |
| Withdrawn status | Lost status | Sistema de Clasificación | Damaged status | No para préstamo | Colección | Ubicación Permanente | Ubicación actual | Fecha de adquisición | Fuente de Valor | Total Checkouts | Número topográfico | Inventario / Código de Barras | Date last seen | Ejemplar | Price effective from | Forma de adquisición | Tipo de material | Inventariado | Valor | Date checked out |
|---|---|---|---|---|---|---|---|---|---|---|---|---|---|---|---|---|---|---|---|---|
| Dewey Decimal Classification | Humboldt | Bogotá | Bogotá | 08/05/2007 | Instituto | 4 | IAVH-025 I17g | 024028 | 06/10/2016 | Ej. 1 | 04/12/2012 | Institucional | Libro | Inventariado 2017 | 30000.00 | 24/08/2016 | ||||
| Dewey Decimal Classification | Humboldt | Bogotá | Bogotá | 08/05/2007 | Instituto | IAVH-025 I17g | 024029 | 04/12/2012 | Ej. 2 | 04/12/2012 | Institucional | Libro | Inventariado 2017 | 30000.00 | ||||||
| Dewey Decimal Classification | Humboldt | Sala Fabio Quevedo | Sala Fabio Quevedo | 18/07/2014 | Instituto | IAVH-025 I17g | 024027 | 04/12/2012 | Ej. 3 | 04/12/2012 | Libro | Inventariado 2017 | 30000.00 | |||||||
| Local | Referencia | Villa de Leyva | Villa de Leyva | 08/05/2007 | CID Humboldt | IAVH-00590 | 024026 | 04/12/2012 | Ej. 1 | 04/12/2012 | Libro |